| 000 | 00895cab a22002055a 4500 | ||
|---|---|---|---|
| 001 | L150580 | ||
| 008 | 100730e2010 xxk 000 0 eng d | ||
| 035 | _a(Sirsi) u150580 | ||
| 041 | 0 | _aeng | |
| 110 | 2 |
_aCMS Cameron McKenna _95874 |
|
| 245 | 0 | 0 |
_aDangers in the dust _bglobal production of asbestos _h[electronic resource] |
| 260 | _c2010 | ||
| 490 | _aLaw-Now | ||
| 520 | _aAlthough the European Union has banned all types of asbestos and the United States has banned many asbestos products, global production of the mineral is still in full force, particularly in developing nations. | ||
| 590 | _aKA NTK | ||
| 651 | 4 | _aInternational | |
| 690 | _aMANAGEMENT-HEALTH AND SAFETY-HAZARDOUS SUBSTANCES-ASBESTOS | ||
| 856 | 4 | 8 |
_uhttps://www.law-now.com/DirectMail/%7B16F83F28-26F2-4F2B-B8C3-9F62A01BDBFE%7D_dangers220710.htm _zView the website free of charge at www.law-now.com |
| 942 | _n0 | ||
| 999 |
_c82566 _d82566 |
||